📖✒ "Le dĂ©sespoir est assis sur un banc" PrĂ©vert - Statistiques

Statistiques générales
  • Ce quiz a Ă©tĂ© pris 24 fois
  • Le rĂ©sultat moyen est 128 sur 225
Statistiques - réponses
Mots % Correct
a
100%
assis
100%
Assis
100%
banc
100%
d'
100%
de
100%
des
100%
Des
100%
Il
100%
il
100%
l'
100%
le
100%
s'
100%
sur
100%
Sur
100%
un
100%
est
89%
Et
89%
et
89%
du
78%
lĂ 
78%
ne
78%
Ne
78%
pas
78%
Plus
78%
plus
78%
Que
78%
que
78%
ces
67%
prĂšs
67%
qui
67%
Alors
56%
faut
56%
homme
56%
jamais
56%
lui
56%
mĂȘme
56%
on
56%
Ou
56%
quand
56%
regarde
56%
vous
56%
Vous
56%
y
56%
aller
44%
arbre
44%
comme
44%
Comme
44%
Dans
44%
Faire
44%
fait
44%
passe
44%
peut
44%
si
44%
Si
44%
tout
44%
appelle
33%
asseoir
33%
autre
33%
entendait
33%
oiseaux
33%
oiseaux.
33%
Pour
33%
pour
33%
presser
33%
regarder
33%
rien
33%
voyait
33%
écouter
22%
écoutez
22%
empĂȘcher
22%
enfants
22%
envolent
22%
gris
22%
jouent
22%
passants
22%
passent
22%
personne
22%
petit
22%
regardez
22%
restez
22%
savez
22%
signe
22%
square
22%
passer
11%
sourit
11%
vieux
11%
atrocement
0%
Atrocement
0%
binocles
0%
continue
0%
costume
0%
envolerez
0%
Exactement
0%
figé
0%
fume
0%
Irrémédiablement
0%
jouerez
0%
ninas
0%
passerez
0%
Quittant
0%
simplement
0%
souffrez
0%
Souriant
0%
souriez
0%
sourire
0%
Tranquillement
0%
Aucun quiz correspondant
Distribution des résultats
% des personnes avec chaque résultat
Percentile par nombre de réponses
Votre historique - résultats
Vous n’avez pas pris ce quiz